00267 a2200109 4500001000700000040003500007100001700042240004300059245003800102300000800140362000900148155815 cEscola São Tomás de Aquino aCARR, Stella10aOs criminosos vieram para o chálpor10aOs criminosos vieram para o chá a1250 a1997